000
00232 a2200097 4500
001
14648
100
_a
Zenkov sky S.A
245
_a
Pan tarkism Islam in russia
260
_a
massachuse
_b
harvard univ press
_c
090
_c
11434
_d
11434
942
_a
NUST-CAE
_c
M
_c
1597
999
_c
249721
_d
249721